La independencia en la Costa Atlá ántica (Registro nro. 16604)

Detalles MARC
000 -ENCABEZADO
Número de control [NR] 00841nam a2200217Ia 4500
005 - FECHA Y HORA DE LA ÚLTIMA TRANSACCIÓN
control field 20240718121502.0
008 - DE LONGITUD FIJA DE DATOS DE ELEMENTOS - INFORMACIÓN GENERAL
Elementos de longitud fija [NR] 130821s1976 ck gr spa
040 ## - FUENTE DE CATALOGACION [NR]
Agencia de catalogación original [NR] Co-BoUCM
Idioma de catalogación [NR] spa
Quien Cataloga Sandra Yazo (modificó)
Quien Clasifica Sandra Yazo (modificó)
041 ## - CODIGO DE IDIOMA [R]
Código de idioma para texto/pista de sonido o título separado [R] Español
082 ## - NUMERO DE CLASIFICACION DECIMAL DEWEY [R]
Número de clasificación [R] 986.103
Número del ítem [NR] T47
100 ## - ASIENTO PRINCIPAL--NOMBRE PERSONAL [NR]
Nombre personal [NR] Tisnes, Roberto M.
ID Autoridad 71844
245 #3 - MENCION DE TITULO [NR]
Título [NR] La independencia en la Costa Atlá ántica
Mención de responsabilidad, etc. [NR] Roberto M. Tisnes
260 ## - PUBLICACION, DISTRIBUCION, ETC. (PIE DE IMPRENTA) [R]
Lugar de publicación, distribución, etc. [R] Bogotá (Colombia)
Nombre del editor, distribuidor, etc. [R] Edit. Kelly
Fecha de publicación, distribución, etc. [R] 1976
300 ## - DESCRIPCION FISICA [R]
Extensión [R] 444 páginas
490 ## - MENCION DE SERIE [R]
Mención de serie [R] Biblioteca de Historia Nacional ; v.134
500 ## - NOTA GENERAL [R]
Nota general [NR] Obra premiada en el Concurso ordenado por la Ley 12 de 1972, con motivo del 450 aniversario de la Fundación de Santa Marta
650 04 - ASIENTO SECUNDARIO DE MATERIA - TERMINO TEMATICO [R]
Término temático o nombre geográfico como elemento de entrada [NR] Historia
9 (RLIN) 7695
651 ## - ASIENTO SECUNDARIO DE MATERIA - NOMBRE GEOGRAFICO [R]
Nombre geográfico [NR] Colombia
9 (RLIN) 26889
651 ## - ASIENTO SECUNDARIO DE MATERIA - NOMBRE GEOGRAFICO [R]
Nombre geográfico [NR] Colombia
Subdivisión general [R] Historia
9 (RLIN) 26897
942 ## - ELEMENTOS DE ENTRADA AGREGADOS (KOHA)
Tipo de ítem principal el descrito en 300a Libro
Tema principal 21
Edición 1
Parte restante de la signatura top. T47
Sistema de clasificación DEWEY
Clasificación 986.103
Existencias
Suprimido Perdido Sistema de clasificación Dañado No prestable Tipo de ítem específico Ubicación habitual Ubicación actual Localización Fecha de creación Costo Total préstamos Signatura topográfica Código de barras Última vez visto Fecha de último préstamo Ejemplar Price effective from Tipo de ítem Nota pública (OPAC)
    DEWEY     Libro Archivo Histórico Archivo Histórico Archivo histórico 28/02/2003 800.00 9 986.103 T47 100013463 17/12/2018 11/08/2016 Ej.1 03/02/2013 Libro TRANSFERENCIA CRAI C3